Die Sammlung historischer Fotografien der Basler Mission im Web
| Titel: | Die Sammlung historischer Fotografien der Basler Mission im Web |
|---|---|
| Verfasser: | |
| Beteiligt: | |
| In: |
Rundbrief Fotografie, Band 10, Heft 3 (2003), Seite 38-41 alle Artikel anzeigen |
| Veröffentlicht: | 2003 |
| Format: | Aufsatz |
X
alg: 44191050 001A $03036:30-01-19 001B $01999:30-01-19 $t23:07:14.000 001D $03036:30-01-19 001U $0utf8 001X $00 002@ $0Aox 003@ $0441910505 007A $0441910505 $aHEB 007T $0ArchMa09692 011@ $a2003 021A $aDie @Sammlung historischer Fotografien der Basler Mission im Web 028A $aFrey Näf $dBarbara 028B/01 $aWalthard $dCatherine 031A $d10 $e3 $h38-41 $j2003 039B $aIn $8--Abvc--. Rundbrief Fotografie. - Berlin : Deutscher Kunstverlag, 1993-. - ISSN 0945-0327 $x200300000100003962 $9048641111 045T $a9,11 $a24,1 lok: 44191050 105 exp: 44191050 105 1 #EPN 201B/01 $030-01-19 $t13:28:05.000 201C/01 $030-01-19 201U/01 $0utf8 203@/01 $01042265593 208@/01 $a13-12-18 $be 209A/01 $a/ $f106 $x00 244Z/01 $aBasel $x01 245Z/01 $a2.16.04.03. $bArchivwissenschaft und Archivtheorie / Archivaliengattungen / Bild- und Tonträger / Fotos $x01 245Z/01 $a4.12.02. $bArchivwesen Europas / Schweiz, Liechtenstein / Archive und Archivbestände $x02 247C/01 $8->Marburg, Bibliographie zum Archivwesen der Archivschule Marburg $939588196X
| LEADER | 00000caa a22000002c 4500 | ||
|---|---|---|---|
| 001 | 441910505 | ||
| 003 | DE-603 | ||
| 005 | 20190130230714.0 | ||
| 007 | tu | ||
| 008 | 190130s2003 xx |||| | u00||u|und c | ||
| 035 | |a (DE-599)HEB441910505 | ||
| 040 | |a DE-603 |b ger |c DE-603 |d DE-603 | ||
| 084 | |a 9,11 |a 24,1 |2 ssgn | ||
| 100 | 1 | |a Frey Näf, Barbara | |
| 245 | 0 | 0 | |a Die Sammlung historischer Fotografien der Basler Mission im Web |
| 264 | 0 | |c 2003 | |
| 700 | 1 | |a Walthard, Catherine | |
| 773 | 0 | 8 | |i In |t Rundbrief Fotografie |d Berlin : Deutscher Kunstverlag, 1993- |h 30 cm |x 0945-0327 |g Band 10, Heft 3 (2003), Seite 38-41 |w (DE-603)048641111 |w (DE-600)1176458-2 |
| 924 | 0 | |9 - |a (DE-603)1042265593 |b DE- |c HES |d d |g / | |